• 首页
  • 本馆介绍
  • 公告通知
  • 最新文献
  • 馆藏检索
  • 电子资源
  • 读者导购
  • 参考咨询
  • 我的图书馆
  • 登录
  • 详细信息显示
  • 放入我的书架
  • 预约/预借图书
  • 作者相关作品
  • 分类相关作品
  • 丛书相关作品
  • 出版社相关作品

书目信息

  • 表格格式
  • 工作单格式
  • 卡片格式
题名:
社会科学基础
    
 
作者: 曲庆彪 主编
分册:  
出版信息: 北京   高等教育出版社  2004
页数: 348页
开本: 23cm
丛书名:
单 册:
中图分类: C43
科图分类:
主题词: 社会科学--高等学校--教材 , 社会科学
电子资源:
ISBN: 978-7-04-015443-6
000 00890nam0 2200265 45
001 1050861109
005 20100415105111.54
010    @a978-7-04-015443-6@dCNY23.60
100    @a20100408e20092004em y0chiy50 ea
101 0  @achi
102    @aCN@b110000
105    @ay z 000yy
106    @ar
200 1  @a社会科学基础@AShe Hui Ke Xue Ji Chu@f曲庆彪主编@FQu Qing Biao Zhu Bian
210    @a北京@c高等教育出版社@d2004@h2009
215    @a348页@d23cm
300    @a高等院校小学教育专业教材
304    @a教育部师范教育司组织专家审定
330    @a本书以促进小学教师培养目标的实现、提高其社科素质为宗旨,针对社会科学的内容、发展过程、价值与作用等,力求涵盖其主要学科的成就、人物与学术价值。
606 0  @a社会科学@x高等学校@j教材
606 0  @a社会科学
690    @aC43@v4
701  0 @a曲庆彪@AQu Qing Biao@4主编
801  0 @aCN@bTANGWEI@c20100415
905    @b0591181-84@dC43@e250@f4
    
    社会科学基础/曲庆彪主编.-北京:高等教育出版社,2004(2009)
    348页;23cm
    高等院校小学教育专业教材
    
    ISBN 978-7-04-015443-6:CNY23.60
    本书以促进小学教师培养目标的实现、提高其社科素质为宗旨,针对社会科学的内容、发展过程、价值与作用等,力求涵盖其主要学科的成就、人物与学术价值。
●
相关链接 在E读中查询图书 在五车中查询图书 在当当中查询图书 在豆瓣中查询图书


正题名:社会科学基础     索取号:C43/250         预约/预借

序号 登录号 条形码 馆藏地/架位号 状态 备注
1 0591181   205911815   第一样本阅览室/ [索取号:C43/250] 在馆    
2 0591182   205911824   第一借阅区/ [索取号:C43/250] 在馆    
3 0591183   205911833   第一借阅区/ [索取号:C43/250] 在馆    
4 0591184   205911842   第一借阅区/ [索取号:C43/250] 在馆    
唐山师范学院图书馆 欢迎您!
大连网信软件有限公司© 版权所有